Cetacei per Immagine - Statistics

Statistiche generali
  • Questo quiz è stato fatto 25 volte
  • Il punteggio medio è 7 su 20
Statistiche sulle risposte
con Immagini Risposta % Corretto
Orca
100%
Balenottera Azzurra
87%
Narvalo
78%
Capodoglio
74%
Beluga
70%
Megattera
61%
Inia
39%
Tursiope
39%
Delfino Comune
35%
Balena Grigia
30%
Focena (Vaquita)
22%
Balena Franca
17%
Globicefalo
17%
Stenella Striata
17%
Balenottera Comune
13%
Balenottera Minore
13%
Balenottera Boreale
9%
Grampo
9%
Pseudorca
9%
Zifio
4%
Nessun quiz corrispondente trovato
Distribuzione punteggi
Percentuale di utenti per punteggio
Percentile per numero di risposta
I tuoi punteggi nel tempo
Non hai fatto questo quiz